|
|
|
|
| LEADER |
00000nam0a2200000 4500 |
| 001 |
333125 |
| 005 |
20231102004526.0 |
| 035 |
|
|
|a (RuTPU)RU\TPU\book\359120
|
| 035 |
|
|
|a RU\TPU\book\359119
|
| 090 |
|
|
|a 333125
|
| 100 |
|
|
|a 20170607d1979 k y0rusy50 ca
|
| 101 |
0 |
|
|a rus
|
| 102 |
|
|
|a EE
|
| 105 |
|
|
|a y z 001zy
|
| 200 |
1 |
|
|a Анализ данных. Построение трансляторов. Вопросы программирования
|e сборник статей
|f Таллинский политехнический институт (ТПИ)
|
| 210 |
|
|
|a Таллин
|c Изд-во ТалПИ
|d 1979
|
| 215 |
|
|
|a 92 с.
|
| 225 |
1 |
|
|a Труды Таллинского политехнического института
|v № 464
|x 0136-3549
|
| 225 |
1 |
|
|a Труды экономического факультета
|v [Сб.] 37
|x 0320-3360
|
| 320 |
|
|
|a Библиогр. в конце ст.
|
| 606 |
1 |
|
|a Программирование
|2 stltpush
|3 (RuTPU)RU\TPU\subj\51780
|9 70345
|
| 610 |
1 |
|
|a синтаксический анализ
|
| 610 |
1 |
|
|a данные
|
| 610 |
1 |
|
|a экспресс-методы
|
| 610 |
1 |
|
|a базы данных
|
| 610 |
1 |
|
|a стохастическое программирование
|
| 610 |
1 |
|
|a марковские цепи
|
| 610 |
1 |
|
|a структура
|
| 610 |
1 |
|
|a монотонные системы
|
| 610 |
1 |
|
|a абстракция
|
| 675 |
|
|
|a 681.3.06
|v 3
|
| 675 |
|
|
|a 004.42
|v 4
|
| 712 |
0 |
2 |
|a Таллинский политехнический институт (ТПИ)
|c (1941-1989)
|2 stltpush
|3 (RuTPU)RU\TPU\col\12417
|
| 801 |
|
1 |
|a RU
|b 63413507
|c 20110901
|
| 801 |
|
2 |
|a RU
|b 63413507
|c 20231010
|g RCR
|
| 942 |
|
|
|c BK
|